| 000 | 01320nam0a22002651 4500 | ||
|---|---|---|---|
| 001 | rc\4383382 | ||
| 005 | 20260628211200.0 | ||
| 021 |
_aRU _b[62-79158] |
||
| 035 | _a(NLR Aleph) 008549302 | ||
| 090 |
_a8396278 _c8396278 |
||
| 100 | _a20130416d1962 |||y0rusy50 ca | ||
| 101 | 0 | _arus | |
| 102 | _aRU | ||
| 105 | _ay z ||||| | ||
| 200 | 1 |
_aВоспитание коммунистического отношения к труду и общественной собственности в школах-интернатах _e[Сборник статей] _fМ-во просвещения Чуваш. АССР. Ин-т усовершенствования учителей |
|
| 210 |
_aЧебоксары _cЧуваш. респ. дом работников просвещения _d1962 |
||
| 215 |
_a79 с. _d20 |
||
| 606 |
_aШколы-интернаты _yЧувашская АССР _2psbo |
||
| 606 |
_aКоммунистическое отношение к труду _xВоспитание в школе _2psbo |
||
| 712 | 0 | 2 |
_aЧувашский республиканский институт усовершенствования учителей _cЧебоксары _3RU\NLR\AUTH\889959873 _9415984 |
| 801 | 0 |
_aRU _bNLR _gpsbo |
|
| 801 | 1 |
_aRU _bELAR _2rusmarc |
|
| 852 |
_aNLR _j62-4/16911 |
||
| 942 | _cBOOK | ||
| 980 | _aNB | ||